Statistics for Results of Summerslam 2017

Click here to take the quiz!

General Stats

  • This quiz has been taken 29 times
  • The average score is 7 of 8

Answer Stats

Name of the winners of the matches% Correct
The winner of the match Big Cass vs Big Show (Enzo Amore suspended in cage)Big Cass
95%
The winner of the match Finn Balòr vs Bray WyattFinn Balòr
95%
The winner of the match Baron Corbin vs John CenaJohn Cena
95%
The winner of the match for the Universal Championship (Fatal 4 Way)Brock Lesnar
89%
The winner of the match for the Smackdown's women ChampionshipNatalya
89%
The winne of the match for the RAW's women ChampionshipSasha Banks
89%
The winner of the match for the WWE ChampionshipJinder Mahal
84%
The winners of the match for the RAW's Tag Team ChampionshipDean Ambrose and Seth Rollins
32%

Score Distribution

Percentile by Number Answered

Percent of People with Each Score

Your Score History

You have not taken this quiz